|
|
|
|
| LEADER |
01918nam a2200433 i 4500 |
| 001 |
EBC6473948 |
| 003 |
MiAaPQ |
| 005 |
20210701114620.0 |
| 006 |
m o d | |
| 007 |
cr cnu|||||||| |
| 008 |
210701s2021 miua ob 001 0 eng d |
| 020 |
|
|
|z 9780472132355
|q (print)
|
| 020 |
|
|
|z 9780472038480
|q (print)
|
| 020 |
|
|
|z 9780472128563
|q (electronic bk.)
|
| 035 |
|
|
|a (MiAaPQ)EBC6473948
|
| 035 |
|
|
|a (Au-PeEL)EBL6473948
|
| 035 |
|
|
|a (OCoLC)1226085453
|
| 040 |
|
|
|a MiAaPQ
|b eng
|e rda
|e pn
|c MiAaPQ
|d MiAaPQ
|
| 043 |
|
|
|a a-th---
|
| 050 |
|
4 |
|a JQ1749.A15
|b .S567 2021
|
| 082 |
0 |
|
|a 322.4209593
|2 23
|
| 100 |
1 |
|
|a Sinpeng, Aim,
|d 1983-
|e author.
|
| 245 |
1 |
0 |
|a Opposing democracy in the digital age :
|b the Yellow Shirts in Thailand /
|c Aim Sinpeng.
|
| 264 |
|
1 |
|a Ann Arbor, Michigan :
|b University of Michigan Press,
|c [2021]
|
| 264 |
|
4 |
|c 2021
|
| 300 |
|
|
|a 1 online resource (271 pages) :
|b illustrations.
|
| 336 |
|
|
|a text
|b txt
|2 rdacontent
|
| 337 |
|
|
|a computer
|b c
|2 rdamedia
|
| 338 |
|
|
|a online resource
|b cr
|2 rdacarrier
|
| 490 |
1 |
|
|a Weiser Center for Emerging Democracies
|
| 504 |
|
|
|a Includes bibliographical references and index.
|
| 588 |
|
|
|a Description based on print version record.
|
| 590 |
|
|
|a Electronic reproduction. Ann Arbor, MI : ProQuest, 2018. Available via World Wide Web. Access may be limited to ProQuest affiliated libraries.
|
| 650 |
|
0 |
|a Democracy
|z Thailand
|x History
|y 21st century.
|
| 655 |
|
4 |
|a Electronic books.
|
| 776 |
0 |
8 |
|i Print version:
|a Sinpeng, Aim, 1983-
|t Opposing democracy in the digital age : the Yellow Shirts in Thailand.
|d Ann Arbor, Michigan : University of Michigan Press, c2021
|h 271 pages
|k Weiser Center for Emerging Democracies.
|z 9780472132355
|w (DLC) 2020054614
|
| 797 |
2 |
|
|a ProQuest (Firm)
|
| 830 |
|
0 |
|a Weiser Center for Emerging Democracies.
|
| 856 |
4 |
0 |
|u https://ebookcentral.proquest.com/lib/matrademy/detail.action?docID=6473948
|z Click to View
|